[Event "Gausdal Int"]
[Site "Gausdal"]
[Date "1982.??.??"]
[Round "5"]
[White "Heiberg, T."]
[Black "Forintos, Gyozo V"]
[Result "1/2-1/2"]
[WhiteElo "2205"]
[BlackElo "2410"]

1.d4 e6 2.e4 d5 3.Nd2 a6 4.Ngf3 c5 5.Be2 Nc6 6.exd5 exd5 7.O-O cxd4 8.Nb3 Bd6
9.Nbxd4 Nge7 10.Bg5 h6 11.Bh4 Qb6 12.Rb1 O-O 13.Bg3 Bxg3 14.hxg3 Nf5 15.c3 Nd6
16.Nxc6 bxc6 17.Qd4 Qa5 18.b4 Qa3 19.Bd3 Nb5 20.Bxb5 axb5 21.Rbe1 Qb2 22.Ne5 Ra6
23.Qc5 Bf5 24.g4 Be6 25.Re3 Rc8 26.Ng6 Rca8 27.Nf4 Qxa2 28.Qd4 Qc4 29.Qxc4 bxc4
30.Nxe6 fxe6 31.Rxe6 Kf7 32.Rfe1 Ra1 33.Kf1 Rxe1+ 34.Rxe1 Kf6 35.Re3 Kg5
36.Re6 Kf4 37.g3+ Kf3 38.Re3+ Kxg4 39.Re5 Kf3 40.Re3+ Kg4 41.Re5 Ra2 42.Kg2 Rd2
43.Re6 Kf5 44.Rxc6 Rc2 45.Rc7 Rxc3 46.Rxg7 Rb3  1/2-1/2

[Event "BL2-N"]
[Site "Germany"]
[Date "1982.??.??"]
[Round "?"]
[White "Pritchett, Craig William"]
[Black "Lieb, Harald"]
[Result "1-0"]
[WhiteElo "2410"]
[BlackElo "2275"]

1.e4 e6 2.d4 d5 3.Nd2 Nc6 4.Ngf3 Nf6 5.e5 Nd7 6.Nb3 Be7 7.c3 Ncb8 8.Bd3 b6
9.O-O Ba6 10.Re1 Bxd3 11.Qxd3 Qc8 12.Bg5 Qa6 13.Qe3 Nc6 14.a4 h6 15.Bf4 Na5
16.Nbd2 c5 17.h4 c4 18.h5 Rb8 19.Qe2 b5 20.axb5 Qxb5 21.Ra2 Nc6 22.Nh2 a5
23.Qg4 Bf8 24.Nhf1 Nb6 25.Ne3 a4 26.Bg3 Ne7 27.Bh4 Rg8 28.f4 Qd7 29.Qh3 Kd8
30.f5 Kc7 31.g4 Nc6 32.Rf1 a3 33.bxa3 Na4 34.Ng2 Na7 35.Nf4 Nb5 36.Nb1 Be7
37.fxe6 fxe6 38.Bxe7 Qxe7 39.Raf2 Kc6 40.Ng6 Qg5 41.Rf7 Rbc8 42.R1f4 Nb2
43.Qg2 Nd3 44.a4 Nc7 45.Rf1 Qe3+ 46.Kh2 Qg5 47.Nd2 Na6 48.Nxc4 Nc7 49.Nd6 Rb8
50.Ne7+ Kb6 51.Nxg8 Rxg8 52.R1f3 Ne1 53.Qb2+ Ka5 54.Nb7+ Ka6 55.Nc5+  1-0

[Event "Bundesliga 8182"]
[Site "Germany"]
[Date "1982.??.??"]
[Round "?"]
[White "Zieher, Hartmut"]
[Black "Borngaesser, Rene"]
[Result "0-1"]
[WhiteElo "2260"]
[BlackElo "2320"]

1.e4 e6 2.d4 d5 3.Nd2 Nc6 4.Ngf3 Nf6 5.e5 Nd7 6.Be2 f6 7.exf6 Nxf6 8.O-O Bd6
9.c4 O-O 10.Re1 Ne4 11.c5 Bf4 12.Bd3 Bxd2 13.Bxd2 e5 14.Bxe4 dxe4 15.Qb3+ Kh8
16.Ng5 Nxd4 17.Nf7+ Rxf7 18.Qxf7 Be6 19.Qh5 Bf5 20.Bc3 Qf6 21.Rad1 Bg6 22.Qg4 Rd8
23.Rd2 h5 24.Qg3 h4 25.Qe3 b6 26.b4 bxc5 27.bxc5 Kh7 28.f4 exf4 29.Qh3 Bf5
30.Bxd4 Rxd4 31.Qc3 Rxd2 32.Qxd2 e3 33.Qd5 h3 34.Qf3 Qg6 35.g3 Bg4 36.Qxf4 Qc2
37.Qf1 Qd2 38.Ra1 Qd4 39.Rc1 e2+ 40.Qf2 Qd1+ 41.Qe1 Qd5 42.Qf2 Qd1+ 43.Qe1 Qd5
44.Qf2 Qe4 45.Re1 a5 46.a3 a4 47.Ra1 Kg8 48.Re1 c6 49.Ra1 Kh7 50.Re1 Kg8
51.Ra1 g5 52.Re1 Kg7 53.Ra1 Be6 54.Re1 Bc4 55.g4 Qxg4+ 56.Qg3 Qxg3+ 57.hxg3 g4
58.Kf2 Bd5 59.Kxe2 h2 60.Kd3 h1=Q 61.Rxh1 Bxh1 62.Kc4 Kf6 63.Kb4 Ke6 64.Kxa4 Kd5
65.Kb4 Bf3 66.a4 Be2  0-1

[Event "Havana"]
[Site "Havana"]
[Date "1982.??.??"]
[Round "6"]
[White "Zapata, Alonso"]
[Black "Lebredo, Gerardo"]
[Result "1-0"]
[WhiteElo "2435"]
[BlackElo "2345"]

1.e4 e6 2.d4 d5 3.Nd2 a6 4.Ngf3 c5 5.Be2 Nf6 6.exd5 exd5 7.dxc5 Bxc5 8.O-O Nc6
9.Nb3 Ba7 10.c3 O-O 11.Bg5 Re8 12.Nbd4 h6 13.Be3 Qd6 14.Re1 Ng4 15.Bc1 Bd7
16.h3 Nf6 17.Be3 Bxh3 18.gxh3 Rxe3 19.Nf5 Qf4 20.Nxe3 Bxe3 21.fxe3 Qg3+ 22.Kh1 Ne4
23.Rf1 Qxh3+ 24.Nh2 Ng3+ 25.Kg1 Nxf1 26.Nxf1 Re8 27.Bf3 Re5 28.Bg2 Rg5 29.Qxd5 Qg4
30.Qd2 Ne5 31.Nh2 Qc4 32.b3 Qc7 33.Rd1 Kh7 34.c4 Rh5 35.Qd8 Qc5 36.Qd4 Qe7
37.Nf3 Nxf3+ 38.Bxf3 Re5 39.Kf2 h5 40.Rh1 g6 41.Rh4 Ra5 42.a4 Rf5 43.Rf4  1-0

[Event "Luzern ol (Men)"]
[Site "Luzern"]
[Date "1982.??.??"]
[Round "2"]
[White "Gamarra Caceres, Carlos"]
[Black "Hug, Werner"]
[Result "1/2-1/2"]
[WhiteElo "2240"]
[BlackElo "2435"]

1.e4 e6 2.d4 d5 3.Nd2 Nc6 4.Ngf3 Nf6 5.e5 Nd7 6.Bd3 Nb4 7.Be2 c5 8.c3 Nc6
9.O-O Be7 10.Re1 O-O 11.Bd3 Qb6 12.Nf1 cxd4 13.cxd4 Re8 14.a3 a5 15.Bc2 Nf8
16.Ng3 Bd7 17.Nh5 Ng6 18.Be3 a4 19.Rb1 Na5 20.Nd2 Rec8 21.Bxa4 Bxa4 22.Qxa4 Nc4
23.Nxc4 dxc4 24.Qd1 Qc6 25.Bd2 Rd8 26.Bc3 Rd5 27.Qg4 Rad8 28.Ng3 Nh4 29.Nf1 h5
30.Qe4 Nf5 31.Ne3 Nxe3 32.fxe3 Bg5 33.Rf1 Rxd4 34.Qxc6 Bxe3+ 35.Kh1 bxc6
36.Bxd4 Bxd4 37.Rfc1 c3 38.bxc3 Bxe5 39.a4 Ra8 40.Rb4 Kf8 41.Rc4 Ke7 42.Rd1 Ra5
43.Rxc6 Rxa4 44.c4 Ra2 45.Rc5 f6 46.Rb5 Kf7 47.Rbb1 h4 48.c5 h3 49.g3 g5
50.c6 Kg6 51.Rbc1 Ra7 52.Rd7 Bc7 53.Kg1 g4 54.Kf1 Kf5 55.Ke2 Ra2+ 56.Kd3 Be5
57.Rc2 Ra3+ 58.Kc4 Ra8 59.c7 Rc8 60.Kb5 Ke4 61.Kc6 Kf3 62.Kb7 Rxc7+ 63.Rdxc7 Bxc7
64.Kxc7 e5 65.Kd6 e4 66.Ke6 e3 67.Kf5 e2 68.Rxe2 Kxe2  1/2-1/2

[Event "EUchT qual"]
[Site "Luzern"]
[Date "1982.??.??"]
[Round "2"]
[White "Kindermann, Stefan"]
[Black "Keller, Dieter"]
[Result "1-0"]
[WhiteElo "2410"]
[BlackElo "2410"]

1.e4 e6 2.d4 d5 3.Nd2 a6 4.Ngf3 Nf6 5.e5 Nfd7 6.Bd3 c5 7.c3 Nc6 8.O-O Be7
9.Qe2 Qc7 10.Re1 cxd4 11.cxd4 Nb4 12.Nf1 Nxd3 13.Qxd3 h6 14.Bd2 Qb6 15.Ng3 Nb8
16.Nh5 Kf8 17.Qe3 Nc6 18.b3 a5 19.Qf4 Qd8 20.h4 Bb4 21.Qg4 Rg8 22.Re3 Ne7
23.Rd3 Bd7 24.Bxb4 axb4 25.Qf4 Nf5 26.Qd2 Qa5 27.g4 Ne7 28.Re3 Rc8 29.Nf4 Ke8
30.a4 b5 31.Nd3 h5 32.gxh5 Nf5 33.Ree1 bxa4 34.bxa4 Rc3 35.Reb1 Qa6 36.Nxb4 Qc8
37.Nd3 f6 38.a5 Qc4 39.Nde1 Ke7 40.Rc1 Rxc1 41.Rxc1 Qb5 42.Ng2 Rc8 43.Re1 Kf7
44.h6 gxh6 45.exf6 Rg8 46.Kh1 Kxf6 47.Qf4 Qd3 48.Ne3 Qe4 49.Ng4+ Rxg4 50.Rxe4 Rxf4
51.Rxf4 Bb5 52.Rg4 Be2 53.Kg2 Ke7 54.Rg8 Kd6 55.Rb8 Bxf3+ 56.Kxf3 Nxd4+ 57.Ke3 Kc7
58.Rb1 e5 59.a6 Nc6 60.Rb7+ Kc8 61.Rh7  1-0

[Event "Luzern ol (Men)"]
[Site "Luzern"]
[Date "1982.??.??"]
[Round "6"]
[White "Rodriguez, Amador"]
[Black "Hug, Werner"]
[Result "1/2-1/2"]
[WhiteElo "2480"]
[BlackElo "2435"]

1.e4 e6 2.d4 d5 3.Nd2 Nc6 4.Ngf3 Nf6 5.e5 Nd7 6.Be2 f6 7.exf6 Qxf6 8.Nf1 Bd6
9.Ne3 O-O 10.O-O Qg6 11.c4 Nf6 12.b3 Ne4 13.Bb2 Bd7 14.h3 Rae8 15.Ng4 Kh8
16.Bd3 Qh5 17.Nfe5 Bxe5 18.dxe5 Rd8 19.Ne3 Qg5 20.Qg4  1/2-1/2

[Event "Luzern ol (Men)"]
[Site "Luzern"]
[Date "1982.??.??"]
[Round "10"]
[White "Stoica, Valentin"]
[Black "Ambroz, Jan"]
[Result "1/2-1/2"]
[WhiteElo "2450"]
[BlackElo "2450"]

1.e4 e6 2.d4 d5 3.Nd2 Be7 4.Bd3 c5 5.exd5 Qxd5 6.Ngf3 cxd4 7.O-O Nc6 8.Bc4 Qd6
9.Bb5 Bd7 10.Nc4 Qc5 11.a4 Nf6 12.b3 Rd8 13.Bb2 a6 14.Bxc6 Bxc6 15.Bxd4 Bxf3
16.Bxc5 Rxd1 17.Rfxd1 Bxd1 18.Bxe7 Bxc2 19.Bxf6 gxf6 20.Rc1 Bg6 21.Nd6+ Ke7
22.Nxb7 Rb8 23.Nc5 Rb6  1/2-1/2

[Event "Manila"]
[Site "Manila"]
[Date "1982.??.??"]
[Round "?"]
[White "Lobron, Eric"]
[Black "Dolmatov, Sergey"]
[Result "1/2-1/2"]
[WhiteElo "2470"]
[BlackElo "2555"]

1.e4 e6 2.d4 d5 3.Nd2 a6 4.Ngf3 c5 5.exd5 exd5 6.dxc5 Bxc5 7.Nb3 Be7 8.Bd3 Nf6
9.O-O Bg4 10.h3 Bh5 11.Nbd4 O-O 12.Re1 Bc5 13.Nf5 Qb6 14.Be3 Nc6 15.Bxc5 Qxc5
16.Qd2 Bg6 17.Qg5 Rfe8 18.a3 Qb6 19.b4 Ne4 20.Bxe4 dxe4 21.N3h4 Re6 22.Rad1 Qc7
23.Qg3 Qxg3 24.Nxg3 e3 25.Nxg6 exf2+ 26.Kxf2 Rxe1 27.Kxe1 hxg6 28.Rd7 b5
29.Rc7 Ne5 30.Kf2 Re8 31.Ne2 g5 32.Nc3 Re6 33.Ne4 f6 34.Ng3 g6 35.Nf1 g4
36.Ne3 gxh3 37.gxh3 Rd6 38.Kg3 f5 39.h4 Rd4 40.Kh3 Nf3 41.Ng2 g5 42.hxg5 Nxg5+
43.Kh2 f4 44.Rc6 Kf7 45.Nxf4 Rxf4 46.Rxa6 Rf2+ 47.Kg1 Rxc2 48.a4  1/2-1/2

[Event "Minsk"]
[Site "Minsk"]
[Date "1982.??.??"]
[Round "?"]
[White "Yudasin, Leonid"]
[Black "Dolmatov, Sergey"]
[Result "1/2-1/2"]
[WhiteElo "2405"]
[BlackElo "2590"]

1.e4 e6 2.d4 d5 3.Nd2 a6 4.Ne2 c5 5.exd5 Qxd5 6.Nf3 Nf6 7.Nc3 Qd8 8.Bg5 cxd4
9.Nxd4 Be7 10.Bd3 O-O 11.Nf3 Nc6 12.O-O h6 13.Bh4 Nb4 14.Be2 Nfd5 15.Nxd5 Nxd5
16.Bg3 Qb6 17.c4 Nf6 18.Qc2 Bd7 19.Ne5 Rfd8 20.Nxd7 Rxd7 21.Rad1 Rad8 22.Rxd7 Rxd7
23.Rd1 Rxd1+ 24.Bxd1 Bc5  1/2-1/2

[Event "Minsk"]
[Site "Minsk"]
[Date "1982.??.??"]
[Round "?"]
[White "Chandler, Murray G"]
[Black "Dolmatov, Sergey"]
[Result "1-0"]
[WhiteElo "2470"]
[BlackElo "2590"]

1.e4 e6 2.d4 d5 3.Nd2 a6 4.Ngf3 c5 5.exd5 exd5 6.Be2 c4 7.b3 b5 8.O-O Bd6
9.c3 Ne7 10.a4 Bb7 11.Ba3 O-O 12.Qc2 Ng6 13.Rfe1 Re8 14.Qb2 Bxa3 15.Qxa3 Nd7
16.Bf1 Qc7 17.axb5 axb5 18.Qb4 Bc6 19.Rxa8 Rxa8 20.g3 Nb8 21.h4 Na6 22.Qa3 Nb8
23.Qb2 Nf8 24.Bg2 f6 25.Nf1 Qd6 26.Ne3 g6 27.Nd2 Nfd7 28.bxc4 bxc4 29.Nc2 Na6
30.Ra1 Kf7 31.Nf1 Qb8 32.Qc1 Nc7 33.Rb1 Qf8 34.Nb4 Qd6 35.Qh6 Nf8 36.Ne3 Rb8
37.h5 Rb5 38.hxg6+ hxg6 39.Qh8 Bd7 40.Ra1 Be6 41.Ra7 Bd7 42.Bf3 f5 43.Nexd5 Rxd5
44.Rxc7 Ra5 45.Rb7 Rb5 46.Nc6 Rxb7 47.Ne5+ Ke8 48.Bxb7 f4 49.Nxc4 Qe7 50.Qe5 Ne6
51.Nd6+ Kd8 52.Nf5  1-0

[Event "Minsk"]
[Site "Minsk"]
[Date "1982.??.??"]
[Round "?"]
[White "Tseshkovsky, Vitaly"]
[Black "Dolmatov, Sergey"]
[Result "1/2-1/2"]
[WhiteElo "2595"]
[BlackElo "2590"]

1.e4 e6 2.d4 d5 3.Nd2 a6 4.Bd3 c5 5.dxc5 Bxc5 6.Ngf3 Ne7 7.O-O Nbc6 8.Nb3 Ba7
9.Qe2 Nb4 10.Rd1 O-O 11.Bg5 f6 12.Be3 Bxe3 13.Qxe3 Qc7 14.e5 Nec6 15.Re1 Nxe5
16.Nxe5 fxe5 17.Qxe5 Qxe5 18.Rxe5 Nc6 19.Ree1 b6 20.Rad1 Ra7 21.Bf1 Raf7
22.f3 Rf4 23.Nc1 g5 24.Nd3 R4f5 25.a3 Kg7 26.c3 h5 27.Re3 R8f7 28.Rde1 Kf8
29.Nb4 Nxb4 30.axb4 g4 31.Bd3 R5f6 32.fxg4 hxg4 33.Re5 Rg7 34.R1e3 Kf7 35.Rh5 Bb7
36.Rg3 Rf4 37.h3 d4 38.Rh4 dxc3 39.bxc3 e5 40.Rh6 Rf6 41.Bc4+ Ke7 42.Rxg4 Rxg4
43.Rh7+ Kf8 44.hxg4 Rf4 45.Be2 Rf7 46.Rh6 b5 47.Rh8+ Kg7 48.Re8 e4 49.g5 Rc7
50.Bh5 Bd5 51.Re5 Bg8 52.Rxe4 Rxc3 53.Re7+ Kf8 54.Re8+ Kg7 55.Rd8 Rb3 56.Rd7+ Kf8  1/2-1/2

[Event "Moscow-ch"]
[Site "Moscow"]
[Date "1982.??.??"]
[Round "1"]
[White "Kuzmin, Alexey"]
[Black "Balashov, Yuri S"]
[Result "1/2-1/2"]
[WhiteElo "2200"]
[BlackElo "2595"]

1.e4 e6 2.d4 d5 3.Nd2 Nc6 4.Ngf3 Nf6 5.e5 Nd7 6.Be2 f6 7.exf6 Qxf6 8.Nf1 b6
9.Ne3 Bb7 10.Ng4 Qf5 11.Nh4 Qf7 12.f4 O-O-O 13.c3 g5 14.fxg5 e5 15.Nf6 exd4
16.O-O Nde5 17.Ng4 Qe8 18.Nxe5 Qxe5 19.Bf4 Qe8 20.Bh5 Qe4 21.Bf3 Qe8 22.Bh5 Qe4
23.Bf3 Qe8 24.cxd4 Nxd4 25.Bg4+ Kb8 26.Re1 Qf7 27.Be5 Nc6 28.Bxh8 Bc5+ 29.Kh1 Rxh8
30.Nf3 Rd8 31.a3 Qg7 32.b4 Bd6 33.Qd3 Rf8 34.Ra2 a5 35.b5 Ne5 36.Nxe5 Bxe5
37.Rae2 Qxg5 38.Rxe5 Qxg4 39.Re8+ Rxe8 40.Rxe8+ Ka7 41.h3 Qf4 42.Rg8 d4 43.Rg4 Qe5
44.a4 h5 45.Rxd4  1/2-1/2

[Event "Rostock"]
[Site "Rostock"]
[Date "1982.??.??"]
[Round "?"]
[White "Bernard, Ryszard"]
[Black "Paehtz, Thomas Sr"]
[Result "0-1"]
[WhiteElo "2340"]
[BlackElo "2365"]

1.e4 e6 2.d4 d5 3.Nd2 Be7 4.Ngf3 Nf6 5.e5 Nfd7 6.Nb3 c5 7.c3 Nc6 8.Be2 cxd4
9.cxd4 a5 10.Bd2 f6 11.exf6 Bxf6 12.Bc3 a4 13.Nc1 a3 14.bxa3 O-O 15.O-O Rxa3
16.Bb2 Ra8 17.Nb3 e5 18.dxe5 Ndxe5 19.Nxe5 Nxe5 20.Bd4 Kh8 21.Re1 Nc6 22.Bxf6 Qxf6
23.Bf3 Ne5 24.Nd4 Bd7 25.a4 Rac8 26.Bxd5 Qxf2+ 27.Kh1 Bg4 28.Nf3 Nxf3 29.Rf1 Qe3
30.Bxf3 Bxf3 31.Rxf3 Rxf3 32.gxf3 h6 33.Kg2 Rc6 34.Qf1 Rc2+ 35.Kh1 Qe5 36.Qg1 Rxh2+
37.Qxh2 Qxa1+ 38.Kg2 Qb2+ 39.Kg3 Qxh2+ 40.Kxh2 Kg8 41.Kg3 Kf7 42.Kf4 Kf6
43.a5 g5+  0-1

[Event "Sochi"]
[Site "Sochi"]
[Date "1982.??.??"]
[Round "1"]
[White "Chandler, Murray G"]
[Black "Vaisser, Anatoli"]
[Result "1/2-1/2"]
[WhiteElo "2505"]
[BlackElo "2490"]

1.e4 e6 2.d4 d5 3.Nd2 Be7 4.Ngf3 Nf6 5.e5 Nfd7 6.Bd3 c5 7.c3 b6 8.Qe2 a5
9.O-O Ba6 10.c4 Nc6 11.cxd5 Bxd3 12.Qxd3 exd5 13.Qf5 Nf8 14.dxc5 bxc5 15.Rd1 Ne6
16.Nf1 O-O 17.Ne3 Ncd4 18.Nxd4 Nxd4 19.Qd3 f6 20.exf6 Bxf6 21.Ng4 Qb6 22.Be3 Qxb2
23.Nxf6+ Rxf6 24.Bxd4 cxd4 25.Qxd4 Qxd4 26.Rxd4 Rc8 27.Rxd5 Rc2 28.Rxa5 Rfxf2
29.Ra8+ Kf7 30.Rf1 Rxf1+ 31.Kxf1 Rc1+ 32.Kf2 Rc2+ 33.Kg3 Rc3+ 34.Kh4 Rc2
35.Ra7+ Kf6 36.Ra6+ Kf7 37.Kh3 h5 38.Ra3 g5 39.Kg3 Kg6 40.Kf3 g4+ 41.Kg3 h4+  1/2-1/2

[Event "BUL-ch playoff (Women)"]
[Site "Sofia"]
[Date "1982.??.??"]
[Round "2"]
[White "Zlatanova, Emilia"]
[Black "Voiska, Margarita"]
[Result "1/2-1/2"]
[WhiteElo "2060"]
[BlackElo "2120"]

1.e4 e6 2.d4 d5 3.Nd2 Nc6 4.Ngf3 Nf6 5.e5 Nd7 6.Bb5 Ncb8 7.O-O a6 8.Bd3 c5
9.c4 Be7 10.Re1 Nf8 11.dxc5 Bxc5 12.Nb3 Be7 13.Be3 dxc4 14.Bxc4 Qxd1 15.Rexd1 Nfd7
16.Nbd4 O-O 17.Rdc1 Nc6 18.Nxe6 Ndxe5 19.Nxf8 Nxc4 20.Rxc4 Bxf8 21.Nd4 Ne5
22.Rc2 b5 23.Nc6 Bf5 24.Rc3 b4 25.Rcc1 Nd3 26.Rc2 Ne5 27.Rcc1 Nd3 28.Rd1 Nxb2
29.Rd8 Rxd8 30.Nxd8 a5 31.Nc6 Nc4 32.Rd1 Nxe3 33.fxe3 Be6 34.Rd8 g6 35.Rb8 Bxa2
36.Nxa5 Kg7 37.Nc6 Bd6 38.Rd8 Bc5 39.Nd4 Kf6 40.Kf2 h5 41.Rb8 Ke5 42.Nc2 b3
43.Nb4 Bxb4 44.Rxb4 Kd6 45.Ke2 Kc5 46.Rb8 Kc4 47.Kd2 Bb1 48.Rc8+ Kb4 49.Rb8+ Kc4
50.Rc8+ Kb4 51.g3 Bf5 52.Rb8+ Kc4 53.Rb7 Be6 54.Rb8 Bf5 55.Rb6 Be4 56.Rb8 Bf5
57.Rb7  1/2-1/2

[Event "Surakarta/Denpasar"]
[Site "Surakarta"]
[Date "1982.??.??"]
[Round "8"]
[White "Chandler, Murray G"]
[Black "Henley, Ron W"]
[Result "1-0"]
[WhiteElo "2470"]
[BlackElo "2460"]

1.e4 e6 2.d4 d5 3.Nd2 Be7 4.Ngf3 Nf6 5.e5 Nfd7 6.Bd3 c5 7.c3 Nc6 8.O-O Qb6
9.dxc5 Qc7 10.Nb3 Ncxe5 11.Bf4 Nxf3+ 12.Qxf3 e5 13.Bg3 Qc6 14.Rfe1 e4 15.Rxe4 dxe4
16.Bxe4 Qf6 17.c6 Ne5 18.Bxe5 Qxe5 19.cxb7 Bxb7 20.Bxb7 Rb8 21.Nd4 Bd6 22.g3 O-O
23.Nc6 Qb5 24.Nxb8 Qxb2 25.Rd1 Bxb8 26.Rd7 Qb5 27.Bc6 Qe5 28.Bd5 Qe8 29.Rb7 a5
30.Bxf7+  1-0

[Event "Reti mem"]
[Site "Trnava"]
[Date "1982.??.??"]
[Round "6"]
[White "Dobrovolsky, Ladislav"]
[Black "Ambroz, Jan"]
[Result "1-0"]
[WhiteElo "2395"]
[BlackElo "2430"]

1.e4 e6 2.d4 d5 3.Nd2 Be7 4.Ngf3 c5 5.exd5 exd5 6.Bb5+ Bd7 7.Bxd7+ Nxd7 8.dxc5 Nxc5
9.O-O Nf6 10.Nb3 Nxb3 11.axb3 O-O 12.Be3 Qc7 13.Nd4 Bc5 14.Qf3 Rfe8 15.c3 Qe5
16.Rfd1 a6 17.Nf5 Rac8 18.Bxc5 Rxc5 19.Ne3 Qe4 20.Qg3 Rb5 21.Rd4 Qg6 22.b4 Qxg3
23.hxg3 Re4 24.Rxe4 dxe4 25.Rd1 Kf8 26.Nc4 g6 27.Nd6 Rb6 28.Kf1 h5 29.Rd4 e3
30.Nc4 e2+ 31.Kxe2 Re6+ 32.Ne3 Ke7 33.f3 b5 34.Kd2 Re5 35.g4 hxg4 36.Nxg4 Nxg4
37.Rxg4 Rh5 38.Kd3 Rh1 39.b3 Kd6 40.c4 Rg1 41.c5+ Kc6 42.Rf4 f5 43.g4 Rd1+
44.Kc3 Rf1  1-0

[Event "Vrnjacka Banja"]
[Site "Vrnjacka Banja"]
[Date "1982.??.??"]
[Round "1"]
[White "Martinovic, Slobodan"]
[Black "Sahovic, Dragutin"]
[Result "1/2-1/2"]
[WhiteElo "2460"]
[BlackElo "2450"]

1.e4 e6 2.d4 d5 3.Nd2 a6 4.Ngf3 Nc6 5.c3 g6 6.Bd3 Bg7 7.O-O Nf6 8.e5 Nd7
9.Ne1 Ne7 10.f4 c5 11.Ndf3 cxd4 12.Nxd4 Nc5 13.Be3 Qc7 14.Nef3  1/2-1/2

[Event "Yerevan"]
[Site "Yerevan"]
[Date "1982.??.??"]
[Round "3"]
[White "Eolian, Levon S"]
[Black "Lputian, Smbat G"]
[Result "0-1"]
[WhiteElo "2355"]
[BlackElo "2440"]

1.e4 e6 2.d4 d5 3.Nd2 a6 4.Ngf3 c5 5.exd5 exd5 6.dxc5 Bxc5 7.Nb3 Ba7 8.Be2 Nc6
9.O-O Nf6 10.c4 O-O 11.cxd5 Qxd5 12.Qxd5 Nxd5 13.Rd1 Re8 14.Bxa6 bxa6 15.Rxd5 Nb4
16.Re5 Bxf2+ 17.Kf1 Rxe5 18.Nxe5 Bb6 19.Bd2 a5 20.Bxb4 Ba6+ 21.Ke1 axb4 22.Nc6 Re8+
23.Kd1 Bb7 24.Rc1 h5 25.Rc4 g5 26.Rxb4 Bxc6 27.Rxb6 Bxg2 28.Nd2 h4 29.a4 Kg7
30.Rb5 Kg6 31.Nc4 f6 32.Rb3 g4 33.Ne3 Bf3+ 34.Kc1 h3  0-1

[Event "Yerevan zt"]
[Site "Yerevan"]
[Date "1982.??.??"]
[Round "4"]
[White "Kupreichik, Viktor D"]
[Black "Dolmatov, Sergey"]
[Result "0-1"]
[WhiteElo "2570"]
[BlackElo "2590"]

1.e4 e6 2.d4 d5 3.Nd2 a6 4.e5 c5 5.c3 Nc6 6.Ndf3 cxd4 7.cxd4 Nge7 8.Bd3 Nf5
9.Ne2 Be7 10.a3 Qb6 11.h4 Bd7 12.h5 Na5 13.Rb1 Bb5 14.h6 Nxh6 15.Bxh6 gxh6
16.Rxh6 Bxd3 17.Qxd3 Qb3 18.Nc1 Qxd3 19.Nxd3 Rc8 20.Kd2 Nb3+ 21.Ke3 Rc2 22.Nde1 Rc4
23.Rd1 a5 24.Kd3 Rg8 25.Rxh7 Rg4 26.Nc2 Rxg2 27.Nd2 Nxd2 28.Rxd2 Rg4 29.f3 Rg3
30.Rf2 Rc6 31.Rh8+ Kd7 32.Rh7 Ke8 33.Rh8+ Kd7 34.Rh7 Rb6 35.Rxf7 Rxb2 36.Kc3 Rb1
37.Ne3 Ke8 38.Rh7 a4 39.Rb2 Rxb2 40.Kxb2 Rxf3 41.Nc2 Rb3+ 42.Ka2 Bg5 43.Ka1 Rb6
44.Ka2 Bd2 45.Rh3 Kf7 46.Rd3 Bg5 47.Rf3+ Kg6 48.Nb4 Kh5 49.Rf8 Be3 50.Nd3 Bxd4
51.Rf4 Bc3 52.Rxa4 Kg5 53.Ra8 Kf5 54.Rh8 Ke4 55.Nc5+ Kd4 56.Na4 Rc6 57.Rb8 Rc7
58.Nxc3 Kxc3 59.Re8 Rc6 60.Re7 Rb6 61.a4 Kd4 62.a5 Ra6 63.Kb3 Kxe5 64.Kb4 b6  0-1

[Event "Yerevan zt"]
[Site "Yerevan"]
[Date "1982.??.??"]
[Round "10"]
[White "Geller, Efim P"]
[Black "Dolmatov, Sergey"]
[Result "1/2-1/2"]
[WhiteElo "2545"]
[BlackElo "2590"]

1.e4 e6 2.d4 d5 3.Nd2 a6 4.Ngf3 c5 5.exd5 exd5 6.Be2 Nf6 7.O-O Be7 8.dxc5 Bxc5
9.Nb3 Ba7 10.c4 O-O 11.cxd5 Nxd5 12.Bg5 Nf6 13.Qxd8 Rxd8 14.Rad1 Re8 15.Nfd4 Nbd7
16.Rfe1 h6 17.Bf4 Nd5 18.Bg3 N7f6 19.Bf3  1/2-1/2

[Event "OHRA"]
[Site "Amsterdam"]
[Date "1983.??.??"]
[Round "?"]
[White "Kuijf, Marinus"]
[Black "Henley, Ron W"]
[Result "1/2-1/2"]
[WhiteElo "2420"]
[BlackElo "2525"]

1.e4 e6 2.d4 d5 3.Nd2 a6 4.Bd3 c5 5.dxc5 Bxc5 6.Ngf3 Nc6 7.a3 Nf6 8.O-O Ba7
9.exd5 exd5 10.Re1+ Be6 11.Nb3 O-O 12.Be3 Bg4 13.Bxa7 Rxa7 14.h3 Bh5 15.Be2 Qb6
16.Nfd4 Bg6 17.a4 Bxc2 18.Qxc2 Nxd4 19.Nxd4 Qxd4 20.Bf3 Qb4 21.Red1 Rd8 22.a5 Raa8
23.Ra4 Qb5 24.Be2 Qd7 25.Rad4 Rac8 26.Qd2 h6 27.Bf3 Qf5 28.Rd3 Rc5 29.g4 Qc8
30.Rd4 Qc7 31.h4 Re8 32.b4 Rc2 33.Qf4 Qxf4 34.Rxf4 Re5 35.Rfd4 Kf8 36.Kg2 Ke7
37.Kg3 Ke6 38.R1d3 g5 39.hxg5 hxg5 40.Bg2 Rb2 41.Bh1 Rbe2 42.b5 axb5 43.Rb4 Ne4+
44.Bxe4 dxe4 45.Rdb3 e3 46.Rxb5 Rxb5 47.Rxb5 exf2 48.Kg2 Re4 49.Rxg5 Re5
50.Rh5 Kf6 51.Kxf2 Rxh5 52.gxh5 Kg5 53.Ke3 Kxh5 54.Kd4 f5 55.Kc5 f4 56.Kb6 f3
57.Kxb7 f2 58.a6 f1=B 59.a7 Bg2+ 60.Kb8 Kg6 61.a8=B Bxa8 62.Kxa8  1/2-1/2

[Event "Bath TV-B"]
[Site "Bath"]
[Date "1983.??.??"]
[Round "?"]
[White "Kindermann, Stefan"]
[Black "Garcia Gonzales, Guillermo"]
[Result "1/2-1/2"]
[WhiteElo "2500"]
[BlackElo "2495"]

1.e4 e6 2.d4 d5 3.Nd2 a6 4.Ngf3 c5 5.exd5 exd5 6.Be2 Nc6 7.O-O c4 8.Re1 Be7
9.b3 cxb3 10.axb3 Nf6 11.Nf1 O-O 12.Ba3 Bxa3 13.Rxa3 Ne4 14.Ne3 b5 15.Ra1 Ra7
16.Bd3 Re7 17.c4 dxc4 18.bxc4 Nc3 19.Qc2 b4 20.d5 Ne5 21.Nxe5 Rxe5 22.Bxh7+ Kh8
23.Bd3 Rfe8 24.Qd2 a5 25.Nc2 Rxe1+ 26.Rxe1 Bd7 27.h3 Rxe1+ 28.Qxe1 Qf6 29.Qe3 b3
30.Qa7 Qd8 31.Na3 Na2 32.Qd4 Nb4 33.Bb1 Qg5 34.Qe3 Qxe3 35.fxe3 Ba4 36.d6 Kg8
37.Kf2 Kf8 38.Ke2 Ke8 39.Kd2 Kd7 40.c5 Kc6 41.Nc4 Kxc5 42.Nxa5 Kxd6 43.Kc3 Nc2
44.Nc4+ Kc5 45.Nb2 Bc6 46.Nd3+ Kd6 47.Bxc2 bxc2 48.g3 Ba4 49.e4 f6 50.h4 Bc6
51.Kxc2 Bxe4 52.Kd2  1/2-1/2

[Event "Buenos Aires-B"]
[Site "Buenos Aires"]
[Date "1983.??.??"]
[Round "3"]
[White "Aparicio, Anibal"]
[Black "Monier, Raul"]
[Result "1/2-1/2"]
[WhiteElo "2310"]
[BlackElo "2200"]

1.e4 e6 2.d4 d5 3.Nd2 a6 4.e5 Bd7 5.Ne2 c5 6.dxc5 Nc6 7.Nb3 Nxe5 8.Nc3 Nf6
9.Bg5 Bc6 10.Qd4 Ned7 11.O-O-O Be7 12.f4 O-O 13.Bd3 a5 14.a4 b6 15.cxb6 Qxb6
16.Bb5 Rfc8 17.Qxb6 Nxb6 18.Nd4 Bb7 19.Kb1 Bb4 20.Bxf6 gxf6 21.Na2 Bf8 22.Rhe1 Nc4
23.Rd3 Nd6 24.Rg3+ Kh8 25.Bd3 f5 26.Nc1 Ne4 27.Rh3 Bd6 28.Nce2 Rg8 29.g3 Nf2
30.Rh5 Nxd3 31.cxd3 Ba6 32.Rd1 Rgc8 33.Nf3 Be7 34.Ne5 Kg7 35.Nd4 Rc7 36.g4 Bc5
37.Nb3 f6 38.Nf3 fxg4 39.Nxc5 Rxc5 40.Nd4 Bc8 41.h3 e5 42.Nf5+ Bxf5 43.Rxf5 gxh3
44.fxe5 fxe5 45.Rh1 Re8 46.Rxh3 Rc6 47.d4 Rce6  1/2-1/2

[Event "Buenos Aires-B"]
[Site "Buenos Aires"]
[Date "1983.??.??"]
[Round "7"]
[White "Borghi, Humberto"]
[Black "Monier, Raul"]
[Result "0-1"]
[WhiteElo "2360"]
[BlackElo "2200"]

1.e4 e6 2.d4 d5 3.Nd2 a6 4.Ngf3 c5 5.dxc5 Bxc5 6.Bd3 Nc6 7.O-O Nge7 8.Qe2 Nb4
9.Nb3 Nxd3 10.cxd3 Bb6 11.Be3 O-O 12.e5 Bc7 13.Bc5 Re8 14.Nfd4 Nf5 15.Nxf5 exf5
16.f4 b6 17.Bf2 Be6 18.Qh5 Qd7 19.Nd4 Bd8 20.Qe2 Be7 21.Nb3 Rab8 22.Rfc1 a5
23.d4 Rec8 24.Qa6 Bd8 25.Qd3 Rc4 26.Nd2 Rc6 27.Rxc6 Qxc6 28.Nb3 Qc4 29.Qd2 Qa4
30.h3 Rc8 31.Qd3 Qc4 32.Qf3 Qb5 33.Qd1 a4 34.Nc1 Qxb2 35.Nd3 Qc2 36.Qf1 a3
37.Rc1 Qxa2 38.Nb4 Qb3 39.Rxc8 Bxc8 40.Qb5 Kf8 41.Qc6 Qc4 42.Qa8 Be7 43.Be1 Qxd4+
44.Kh1 Qc4 45.Nxd5 a2 46.Bc3 Bd8 47.Bb2 Ke8 48.Ne3 Qc5 49.Qf3 Be6 50.Kh2 b5
51.g4 g6 52.gxf5 gxf5 53.Qg3 Bb6 54.Qg8+ Kd7 55.Qb8 Bc7  0-1

[Event "WchT U26"]
[Site "Chicago"]
[Date "1983.??.??"]
[Round "?"]
[White "Ye Jiangchuan"]
[Black "Dolmatov, Sergey"]
[Result "0-1"]
[WhiteElo "2425"]
[BlackElo "2550"]

1.e4 e6 2.d4 d5 3.Nd2 a6 4.Ngf3 c5 5.exd5 exd5 6.Be2 cxd4 7.O-O Bd6 8.Re1 Ne7
9.Nb3 Nbc6 10.Nbxd4 O-O 11.c3 Ng6 12.Be3 Qc7 13.h3 Na5 14.Bd3 Nc4 15.Qc2 Bd7
16.Nf5 Nxe3 17.Nxe3 Bc6 18.Rad1 Rfd8 19.Nd4 Bc5 20.Bf5 Re8 21.c4 Bxd4 22.Rxd4 dxc4
23.Rxc4 Qb6 24.Rd1 Rad8 25.Rxd8 Rxd8 26.Qc3 Re8 27.Bc2 Ne5 28.Rd4 Qc7 29.Nf5 g6
30.Nd6 Re6 31.Ne4 Re7 32.Nf6+ Kg7 33.Ng4 f6 34.Ne3 Rd7 35.Bb3 Qd8 36.Rxd7+ Qxd7
37.f4 Nf7 38.Ng4 Qe7 39.Qd4 Nd6 40.Kh2 Nf5 41.Qc4 Qe8 42.Qc3 Qf8 43.Be6 Nh4
44.Qg3 Nxg2 45.f5 Qd8 46.h4 Kf8 47.Bc4 Qd4 48.fxg6 hxg6 49.Qc7 Be8 50.Nxf6 Qxf6
51.Qc5+ Kg7 52.Kxg2 Bc6+ 53.Kg1 Qxh4 54.Qe5+ Kh7 55.Be2 Qe1+ 56.Kh2 Qf2+
57.Kh3 Bd7+  0-1